| 000 | 00931nam a22002417a 4500 | ||
|---|---|---|---|
| 008 | 240605b mp ||||| |||| 00| 0 mon d | ||
| 020 | _a9789997317797 | ||
| 035 | _a29907 | ||
| 040 |
_aHE0623081 _bmon _cMN-UlNLM _dMN-UlNLM _erda |
||
| 041 | _amon | ||
| 042 | _a70734 | ||
| 084 |
_2NNA _a92 _bГ.14 |
||
| 100 | _aГровик Д. | ||
| 245 | 0 | _aГайхамшигт үлэг гүрвэл | |
| 264 |
_aУБ. _bМонсудар ХГ _c2016 |
||
| 300 | _a27х. | ||
| 336 |
_2rdacontent _atext _btxt |
||
| 337 |
_2rdamedia _aunmediated _bn |
||
| 338 |
_2rdacarrier _avolume _bnc |
||
| 650 | _a"Гайхамшигт үлэг гүрвэл" ном нь дэлгэгддэг өнгөлөг зураг дүрс, сонирхолтой баримт мэдээ мэдээллээр дүүрэн. Үлэг гүрвэл гэж юу вэ... | ||
| 942 |
_2NNA _cBK |
||
| 999 |
_c895518 _d895575 |
||